Angela's ashes : (Record no. 329)

MARC details
000 -LEADER
fixed length control field 00841fam a2200301 a 4500
005 - DATE AND TIME OF LATEST TRANSACTION
control field 20260322212015.0
008 - FIXED-LENGTH DATA ELEMENTS--GENERAL INFORMATION
fixed length control field data
010 ## - LIBRARY OF CONGRESS CONTROL NUMBER
LC control number 96005335
010 ## - LIBRARY OF CONGRESS CONTROL NUMBER
LC control number 2016449026
020 ## - INTERNATIONAL STANDARD BOOK NUMBER
International Standard Book Number 0684874350
020 ## - INTERNATIONAL STANDARD BOOK NUMBER
International Standard Book Number 9780684874357
020 ## - INTERNATIONAL STANDARD BOOK NUMBER
International Standard Book Number 9780684842677 (pbk.)
020 ## - INTERNATIONAL STANDARD BOOK NUMBER
International Standard Book Number 9780689864839 (ebook)
040 ## - CATALOGING SOURCE
Original cataloging agency DLC
Transcribing agency DLC
Modifying agency DLC
043 ## - GEOGRAPHIC AREA CODE
Geographic area code n-us---
-- n-us---
050 00 - LIBRARY OF CONGRESS CALL NUMBER
Classification number E184.I6
Item number .M117 1996
099 ## - LOCAL FREE-TEXT CALL NUMBER (OCLC)
Classification number MCCOU
001 - CONTROL NUMBER
control field data
100 1# - MAIN ENTRY--PERSONAL NAME
Personal name McCourt, Frank.
245 10 - TITLE STATEMENT
Title Angela's ashes :
Remainder of title a memoir /
Statement of responsibility, etc. Frank McCourt.
260 ## - PUBLICATION, DISTRIBUTION, ETC.
Place of publication, distribution, etc. New York :
Name of publisher, distributor, etc. Scribner,
Date of publication, distribution, etc. c1996.
300 ## - PHYSICAL DESCRIPTION
Extent 363 p. :
Other physical details ill. ;
Dimensions 25 cm.
600 30 - SUBJECT ADDED ENTRY--PERSONAL NAME
Personal name McCourt family.
600 10 - SUBJECT ADDED ENTRY--PERSONAL NAME
Personal name McCourt, Frank
General subdivision Family.
650 #0 - SUBJECT ADDED ENTRY--TOPICAL TERM
Topical term or geographic name entry element Irish Americans
Form subdivision Biography.
650 #0 - SUBJECT ADDED ENTRY--TOPICAL TERM
Topical term or geographic name entry element Irish Americans
Geographic subdivision Limerick
-- Limerick
Form subdivision Biography.
651 #0 - SUBJECT ADDED ENTRY--GEOGRAPHIC NAME
Geographic name Limerick (Limerick, Ireland)
Form subdivision Biography.
Holdings
Withdrawn status Lost status Damaged status Not for loan Home library Current library Shelving location Date acquired Total checkouts Full call number Barcode Date last seen Price effective from Koha item type
        Midway Midway General stacks 22/03/2026   E184.I6 .M117 1996 BC0010339 22/03/2026 22/03/2026 Books